Statistics for Peaceful Countries This Decade (Updated 2017)

Click here to take the quiz!

General Stats

  • This quiz has been taken 75 times
    (24 since last reset)
  • The average score is 29 of 42

Answer Stats

Answer% Correct
Australia
95%
United Kingdom
95%
Denmark
90%
Netherlands
90%
New Zealand
90%
Norway
90%
Belgium
85%
Canada
85%
Finland
85%
Germany
85%
Iceland
85%
Ireland
85%
Portugal
85%
Spain
85%
Sweden
85%
Czech Republic
80%
Japan
80%
Poland
80%
Estonia
75%
Latvia
75%
Slovakia
75%
Austria
70%
Hungary
70%
Slovenia
70%
Switzerland
70%
Croatia
60%
Bulgaria
55%
Romania
55%
Singapore
55%
Taiwan
55%
United Arab Emirates
55%
Uruguay
55%
Chile
50%
Kuwait
50%
Qatar
50%
Bhutan
45%
Costa Rica
45%
Oman
45%
Malaysia
35%
Vietnam
35%
Botswana
25%
Mauritius
25%

Score Distribution

Percentile by Number Answered

Percent of People with Each Score

Your Score History

You have not taken this quiz since the last reset